| 000 | 00494nam a2200181Ia 4500 | ||
|---|---|---|---|
| 005 | 20250326123952.0 | ||
| 008 | 250326s9999 xx 000 0 und d | ||
| 037 | _aTextbook | ||
| 040 |
_aFMSL _beng _cFMSL |
||
| 041 |
_aeng _2eng |
||
| 084 |
_aW5 L3 _qFMSL |
||
| 100 |
_aJacoby H _9736520 |
||
| 245 | 0 |
_aBureaucratization of the world _cJacoby H |
|
| 260 |
_aLondon _bLondon, University of California _c1973 |
||
| 300 | _a241p | ||
| 942 |
_cTB _hW5 L3 |
||
| 999 |
_c1271693 _d1271693 |
||